00604nam a2200205Ia 4500003000900000008004100009040001600050080001500066100001800081245012000099260002600219300001400245650001400259650004100273650001700314700001700331700001700348700001500365700001800380IN-BaIIA211028s9999 xx 000 0 eng d cIIA Library a552.1bSTR aStroobant, P. 0aLes observatoires astronomiques et les astronomescP. Stroobant…[et al.]  aBruxellsbHayezc1907 avi, 316p. aAstronomy aAstronomy and Astrophysics Thesaurus aAstrophysics aDelporte, E. aDelvosal, J. aMerlin, E. aPhilippot, H.